[Event "Haninge"]
[Site "Haninge"]
[Date "1988.??.??"]
[Round "?"]
[White "Kortschnoj, Viktor Lvovich"]
[Black "Chandler, Murray G"]
[Result "1-0"]
[WhiteElo "2640"]
[BlackElo "2590"]
[PlyCount "75"]
[EventDate "1988.05.??"]
[EventType "tourn"]
[EventRounds "11"]
[EventCountry "SWE"]
[EventCategory "13"]
[SourceTitle "CBM 008"]
[Source "ChessBase"]
[SourceDate "1989.02.01"]
[SourceVersion "1"]
[SourceVersionDate "1989.02.01"]
[SourceQuality "1"]

1. Nf3 d5 2. c4 d4 3. b4 c5 4. a3 g6 $146 ({RR} 4... f6 5. g3 e5 6. Qb3 e4 7. Nh4 Nc6 8. b5 Ne5 9. d3 f5 10. Nd2 Be7 11. Ng2 Nf6 12. Qc2 O-O 13. Bb2 Nfg4 14. dxe4 fxe4 15. Nxe4 Qa5+ 16. Kd1 Bf5 17. f3 Bxe4 18. fxe4 Nf2+ 19. Kc1 {Short,F-Romi,M Scarborough/ North Yorkshire 1925 0-1 (32)}) ({RR} 4... Nc6 5. b5 Na5 6. e3 g6 7. exd4 Bg7 8. d3 cxd4 9. g3 Nf6 10. Bg2 Nd7 11. a4 Nc5 12. Ba3 Nab3 13. O-O Qc7 14. Ra2 Bf5 15. Ne1 O-O 16. Nd2 Nxd2 17. Rxd2 Rab8 18. a5 Rfd8 19. Nc2 {Anton Guijarro,D (2679)-Nakamura,H (2768) chess.com INT 2023 0-1 (38)}) ({RR} 4... Nf6 5. g3 e6 6. Bg2 Bd7 7. Ne5 Qc7 8. Nxd7 Nbxd7 9. b5 a6 10. O-O axb5 11. cxb5 Bd6 12. d3 Nb6 13. a4 Nbd5 14. Bd2 O-O 15. Na3 Nd7 16. a5 Be7 17. Nc4 Ne5 18. Qb3 Nxc4 19. dxc4 {Anton Guijarro,D (2668)-Venkatesh,N (2175) chess.com INT 2025 1-0 (40)}) ({RR} 4... f6 5. g3 e5 6. Bg2 Nc6 7. b5 Na5 8. d3 Bd6 9. O-O Ne7 10. e3 Rb8 11. exd4 cxd4 12. a4 b6 13. Nfd2 O-O 14. Ne4 Bc7 15. Ba3 f5 16. Ng5 Bd6 17. Re1 h6 18. Nf3 Ng6 19. h4 {Oliva Castaneda,K (2515)-Valderrama Quiceno,E (2490) Sabadell 2019 1-0 (56)}) 5. d3 Bg7 6. Nbd2 Nh6 7. bxc5 O-O 8. Nb3 Nc6 9. g3 e5 10. Bg2 f5 11. O-O Ng4 12. h3 Nf6 13. e3 dxe3 14. Bxe3 Nh5 15. Bg5 Qc7 16. Ra2 Be6 17. Re1 Rfe8 18. Rae2 e4 19. dxe4 Bxc4 20. Re3 f4 21. gxf4 h6 22. Bh4 Nxf4 23. Bg3 Qf7 24. Qc2 Be6 25. Bxf4 Qxf4 26. e5 Bf5 27. Qc3 Rad8 28. Na5 Nxa5 29. Qxa5 g5 30. Qxa7 h5 31. Qxb7 g4 32. hxg4 hxg4 33. Nh4 Rd2 34. R3e2 Rxe2 35. Rxe2 Rxe5 36. Bd5+ Kh7 37. Nxf5 Rxf5 38. Be4 1-0

[Event "Forli op"]
[Site "Forli"]
[Date "1988.??.??"]
[Round "7"]
[White "Garcia Palermo, Carlos H"]
[Black "Meduna, Eduard"]
[Result "1-0"]
[WhiteElo "2505"]
[BlackElo "2505"]
[PlyCount "71"]
[EventDate "1988.06.??"]
[EventType "swiss"]
[EventRounds "9"]
[EventCountry "ITA"]
[SourceTitle "TD"]
[Source "ChessBase"]
[SourceDate "1994.03.01"]
[SourceVersion "1"]
[SourceVersionDate "1994.03.01"]
[SourceQuality "1"]

1. Nf3 d5 2. g3 Bg4 3. Bg2 c6 4. O-O Nd7 5. d4 e6 6. b3 f5 ({RR} 6... Ngf6 7. Bb2 h6 8. Nbd2 Be7 9. Re1 O-O 10. c4 a5 11. Ne5 Bh5 12. Qc2 a4 13. Bc3 Nxe5 14. dxe5 Nd7 15. e4 axb3 16. axb3 Rxa1 17. Rxa1 dxc4 18. Nxc4 b5 19. Nd6 Nxe5 20. Nxb5 cxb5 21. Bxe5 {Babazada,K (2427)-Shipov,S (2541) Chess.com INT 2022 ½-½ (63)}) ({RR} 6... Ngf6 7. Bb2 Bd6 8. Nbd2 Qe7 9. Re1 O-O 10. a4 Rfe8 11. Qc1 Rad8 12. Ba3 Bxa3 13. Qxa3 Qxa3 14. Rxa3 a5 15. Raa1 Bf5 16. c3 e5 17. dxe5 Nxe5 18. Nxe5 Rxe5 19. Nf3 Re7 20. Nd4 Bg6 21. e3 {Figorito,N (2036)-Sydoryka,V (2295) chess.com INT 2024 ½-½ (37)}) 7. Ng5 $146 ({RR} 7. c4 Bd6 8. Nc3 Ngf6 9. Qc2 Ne4 10. Bb2 O-O 11. e3 Qe8 12. Ne1 Nxc3 13. Bxc3 Qh5 14. f3 Bh3 15. Nd3 g5 16. e4 f4 17. Bxh3 Qxh3 18. Nf2 Qh5 19. g4 Qh4 20. Rfe1 dxc4 21. e5 Be7 {Macek,V (2210)-Samardzic,J (2115) Pula 1993 1-0 (36)}) ({RR} 7. c4 Bd6 8. Ba3 Bxa3 9. Nxa3 Ngf6 10. cxd5 exd5 11. Nc2 a5 12. Ne5 O-O 13. f3 Bh5 14. Qd3 Nxe5 15. dxe5 Nd7 16. f4 Nc5 17. Qd4 Qe7 18. Bf3 Bxf3 19. Rxf3 Ne4 20. Ne3 h5 21. Rc1 Qe6 {Kislinger,G (2065)-Lautner,J (2130) Bayern 1998 ½-½ (33)}) 7... Qf6 8. f3 Bh5 9. g4 h6 10. Nxe6 Qxe6 11. gxh5 Ngf6 12. Qd3 Nxh5 13. e4 O-O-O 14. Nc3 Nhf6 15. exd5 Nxd5 16. Nxd5 Qxd5 17. f4 Qf7 18. Qc3 g6 19. Qa5 a6 20. d5 Bc5+ 21. Kh1 cxd5 22. Bb2 d4 23. Rad1 Qf6 24. c3 Qb6 25. Qxb6 Bxb6 26. cxd4 Rhe8 27. d5 Re2 28. Bg7 Rxa2 29. Rfe1 Nc5 30. h4 Ne4 31. Bxe4 fxe4 32. Rxe4 Rg8 33. Re7 Rc2 34. d6 Bd8 35. Rf7 g5 36. f5 1-0

[Event "Marseille"]
[Site "Marseille"]
[Date "1988.??.??"]
[Round "?"]
[White "Todorcevic, Miodrag"]
[Black "Gurevich, Mikhail"]
[Result "1-0"]
[WhiteElo "2525"]
[BlackElo "2630"]
[PlyCount "125"]
[EventDate "1988.07.??"]
[EventType "tourn"]
[EventRounds "9"]
[EventCountry "FRA"]
[EventCategory "10"]
[SourceTitle "CBM 009"]
[Source "ChessBase"]
[SourceDate "1989.04.01"]
[SourceVersion "1"]
[SourceVersionDate "1989.04.01"]
[SourceQuality "1"]

1. g3 g6 2. Bg2 Bg7 3. e4 c5 4. d3 Nc6 5. c3 d6 6. Nf3 e5 7. O-O Nge7 8. a3 O-O 9. b4 cxb4 10. axb4 b5 11. Na3 ({RR} 11. Nbd2 h6 12. Bb2 ({RR} 12. Nb3 Be6 ({RR} 12... f5 13. exf5 gxf5 14. Nh4 Be6 15. Na5 Rc8 16. Bd2 d5 17. Nb7 Qc7 18. Nc5 Bf7 19. Bh3 a5 20. Nxf5 Nxf5 21. Bxf5 Rce8 22. Qg4 Kh8 23. Qh3 Qd6 24. Nb7 Qf6 25. Nxa5 Ne7 26. Bg4 Ng6) 13. d4 exd4 14. Nfxd4 Bc4 15. Re1 Qc7 16. Be3 a5 17. bxa5 Nxa5 18. Nxa5 Rxa5 19. Qd2 Kh7 20. Rxa5 Qxa5 21. h4 h5 22. Rb1 Rc8 23. Bg5 Qc7 24. Nxb5 Bxb5 25. Rxb5 Bxc3 26. Qc2 Qc4) 12... Kh7 13. Nb3 Bg4 14. Ng5+ hxg5 15. Qxg4 Bh6 16. Na5 Qb6 17. Bc1 f5 18. exf5 gxf5 19. Qh5 f4 20. Be4+ {1-0 (20) Torres,F (2056)-Ruiz,F (1849) Florianopolis SC 2025}) 11... Rb8 12. Nc2 d5 ({RR} 12... a5 13. bxa5 Nxa5 14. Nb4 Nec6 15. Be3 Nxb4 16. cxb4 Nc6 17. Qd2 Bg4 18. h3 Bxf3 19. Bxf3 Qd7 20. Rfc1 Nd4 21. Bxd4 exd4 22. Kg2 h5 23. Ra6 Rfc8 24. Rxc8+ Rxc8 25. Qa2 Rc3 26. Ra8+ Kh7 27. Ra7 {Ubilava,E (2526)-Pogorelov,R (2429) Subijana de Alava 2001 1-0 (56)}) 13. Be3 d4 $146 ({RR} 13... dxe4 14. dxe4 Qc7 15. Bc5 Rd8 16. Qe2 Be6 17. Na3 a6 18. Ng5 Bd7 19. Rfd1 Be8 20. h4 h6 21. Nf3 Rxd1+ 22. Rxd1 Rd8 23. Bh3 Nc8 24. h5 g5 25. Nh2 Nb6 26. Bxb6 Qxb6 27. Ng4 Ne7 28. Ne3 {Rubinetti,J (2395)-Hase,J (2420) Moron 1982 ½-½ (41)}) 14. cxd4 exd4 15. Bf4 Ra8 16. Qd2 Bb7 17. Rab1 Nc8 18. e5 Qd7 19. Bh6 Nb6 20. Rbe1 Rfe8 21. Bxg7 Kxg7 22. Re4 Rad8 23. Rfe1 Qe7 24. Rh4 h5 25. Nfxd4 Nxd4 26. Nxd4 Bxg2 27. Kxg2 Kg8 28. Rhe4 Rd5 29. Nf3 Red8 30. d4 Rc8 31. g4 Rc6 32. gxh5 gxh5 33. Kh1 Kf8 34. Rf4 Ke8 35. Rf6 Qd7 36. Qh6 Qg4 37. Rg1 Rxf6 38. Qh8+ Kd7 39. Rxg4 Rxf3 40. Rg8 Kc7 41. Qxh5 Rxf2 42. Qh4 Rd2 43. Qe7+ Rd7 44. Qc5+ Kb7 45. Rg4 Rc7 46. Qd6 Rc1+ 47. Rg1 Rcc2 48. Qe7+ Kc6 49. Qh4 Kd5 50. Qd8+ Kc4 51. Qc7+ Kxd4 52. Rg4+ Ke3 53. Qxf7 Nd5 54. Qxa7+ Kf3 55. Rg3+ Ke4 56. Qh7+ Kxe5 57. Qh5+ Ke6 58. Qe8+ Kd6 59. Rg6+ Kc7 60. Rg7+ Kb6 61. Qb8+ Kc6 62. Rg6+ Kd7 63. Qd6+ 1-0

[Event "URS-ch55"]
[Site "Moscow"]
[Date "1988.07.??"]
[Round "2"]
[White "Vaganian, Rafael A"]
[Black "Ehlvest, Jaan"]
[Result "1-0"]
[WhiteElo "2625"]
[BlackElo "2580"]
[PlyCount "123"]
[EventDate "1988.07.??"]
[EventType "tourn"]
[EventRounds "17"]
[EventCountry "URS"]
[EventCategory "14"]
[SourceTitle "URS-ch"]
[Source "ChessBase"]
[SourceDate "1999.07.01"]
[SourceVersion "1"]
[SourceVersionDate "1999.07.01"]
[SourceQuality "1"]

1. Nf3 d5 2. g3 g6 3. c4 dxc4 4. Qa4+ Nc6 5. Bg2 Bg7 6. O-O e5 7. Qxc4 Nge7 8. d3 O-O 9. Nbd2 ({RR} 9. Nc3 h6 10. Bd2 Be6 11. Qa4 f5 12. Rfd1 Nd4 13. Ne1 Nd5 14. e3 Nb6 15. Qa3 Nc6 16. b4 a6 17. Rac1 Qd7 18. Na4 Nxa4 19. Qxa4 Qf7 20. Bxc6 bxc6 21. Qxc6 Bd7 22. Qc4 Ba4 23. Qxf7+ Rxf7 {Tahbaz,A (2425)-Shahil,D (2363) Bhubaneswar IND 2024 0-1 (43)}) ({RR} 9. Bg5 h6 10. Bxe7 Qxe7 11. Nbd2 Be6 12. Qa4 Rfd8 13. Rac1 Nd4 14. Nxd4 Rxd4 15. Qc2 c6 16. a3 Rad8 17. b4 h5 {½-½ (17) Bricard,E (2395)-Ehlvest,J (2650) France 1991}) 9... Be6 10. Qc2 Nb4 $146 ({RR} 10... f6 11. b3 Qd7 12. Bb2 Rad8 13. Rac1 Bh6 14. Rfd1 Rfe8 15. Ne4 Nd5 16. Nc5 Qc8 17. Nxe6 Qxe6 18. Ra1 f5 {½-½ (18) Ianov,V (2290)-Sarenac,D (2316) Belgrade 2019}) 11. Qb1 c5 12. b3 Nec6 13. Bb2 Qe7 14. a3 Nd5 15. e3 Rfd8 16. Qc2 Rac8 17. Rac1 b6 18. Qb1 f6 19. Rfe1 Qf7 20. h4 Qd7 21. Kh2 Nde7 22. Bf1 Nf5 23. Bc3 h6 24. b4 g5 25. bxc5 gxh4 26. gxh4 bxc5 27. Ne4 Qe7 28. Bh3 Nd6 29. Bxe6+ Qxe6 30. Rg1 Nxe4 31. dxe4 Kh7 32. Rg3 Rb8 33. Qc2 Qb3 34. Nd2 Qxc2 35. Rxc2 h5 36. Kg2 Bf8 37. Kf3 Ne7 38. Ke2 Ng6 39. Rc1 Rb7 40. Nc4 Rg7 41. Rf3 Be7 42. Rb1 Rd7 43. Rh3 Rf7 44. Rg3 Bf8 45. Rb5 Rc7 46. Rg1 Rfd7 47. a4 Kh6 48. Rb8 Rf7 49. Rh1 Rb7 50. Rc8 Rfc7 51. Ra8 Rd7 52. Bd2 Kh7 53. Rg1 Be7 54. a5 Rbc7 55. Rb1 Kg7 56. a6 Nf8 57. Rab8 Kf7 58. R1b7 Ke6 59. f4 exf4 60. exf4 f5 61. exf5+ Kxf5 62. Ba5 1-0

[Event "URS-ch55"]
[Site "Moscow"]
[Date "1988.07.??"]
[Round "16"]
[White "Smyslov, Vassily V"]
[Black "Ehlvest, Jaan"]
[Result "1-0"]
[WhiteElo "2550"]
[BlackElo "2585"]
[Annotator "Ftacnik,Lubomir"]
[PlyCount "81"]
[EventDate "1988.07.??"]
[EventType "tourn"]
[EventRounds "17"]
[EventCountry "URS"]
[EventCategory "14"]
[SourceTitle "URS-ch"]
[Source "ChessBase"]
[SourceDate "1999.07.01"]
[SourceVersion "1"]
[SourceVersionDate "1999.07.01"]
[SourceQuality "1"]

1. Nf3 d5 2. b3 Bg4 3. Bb2 Nd7 4. d4 $5 (4. e3 e5) 4... Bxf3 $6 (4... e6 5. g3 $1) 5. exf3 e6 6. f4 Bd6 7. g3 Qe7 $146 ({RR} 7... Ngf6 8. Bg2 O-O 9. O-O c5 10. dxc5 Bxc5 11. c4 Nb6 12. cxd5 exd5 13. Na3 a6 14. Nc2 Re8 15. Qd3 Ne4 16. Rad1 Qe7 17. Ba1 Qf8 18. b4 Bxb4 19. Nxb4 Qxb4 20. Rb1 Qc4 21. Qe3 Nd7 22. Rfc1 {Sturua,Z (2550)-Slobodjan,R (2440) Badenweiler 1994 0-1 (56)}) ({RR} 7... h6 8. h4 h5 9. Bd3 Ngf6 10. Nd2 Qe7 11. a3 O-O-O 12. Qe2 Ng4 13. Nf3 f6 14. c4 dxc4 15. bxc4 c5 16. O-O Qf7 17. Rab1 cxd4 18. Bxd4 Nc5 19. Bc2 Kb8 20. Rb5 Rc8 21. Rfb1 Rc7 22. a4 {Anic,D (2450)-Relange,E (2430) Nice 1994 1-0 (41)}) 8. Bg2 c6 9. c4 Nh6 (9... Ngf6) 10. O-O O-O (10... f5 $2 11. cxd5 cxd5 12. Bxd5 exd5 13. Re1 $16) 11. Re1 Nf6 12. c5 $1 Bc7 13. Nd2 Nf5 14. b4 h5 15. Bh3 g6 16. Nf3 Kg7 17. Ne5 Rh8 18. a4 Nd7 19. b5 $40 Nxe5 20. fxe5 f6 21. exf6+ Qxf6 22. Ra3 $1 Rae8 23. Rb3 Re7 24. Qd2 g5 25. Bxf5 $1 Qxf5 (25... exf5 26. Rxe7+ Qxe7 27. bxc6 bxc6 28. Rb7 { c7, g5+-}) 26. Bc1 Kg6 (26... g4 $2 27. Qg5+ Qxg5 (27... Kf7 28. Qxf5+ exf5 29. Rxe7+ Kxe7 30. bxc6 bxc6 31. Rb7) 28. Bxg5 Ree8 29. bxc6 bxc6 30. Rb7) 27. Rbe3 Rg8 $2 (27... g4 28. f3 { fg4, f1} (28. Qe2 $5 Rhe8 29. bxc6 bxc6 30. Qa6) 28... gxf3 $6 29. Rf1 $1 $36 (29. Rxf3 Qxf3 $8 (29... Qg4 30. Ref1 $40) 30. Qg5+ Kf7 (30... Kh7 31. Qxe7+ $18) 31. Rf1 Qxf1+ 32. Kxf1 $36)) (27... e5 $5) 28. Re5 $1 Bxe5 29. Rxe5 Qb1 (29... Qf3 30. Qxg5+ Kf7 31. Qxh5+ Qxh5 32. Rxh5 $16) 30. Rxg5+ (30. Qxg5+ Kf7 31. Qxh5+ Rg6) 30... Kh7 (30... Kf7 31. Qf4+ $18) 31. Rxh5+ Kg7 32. Kg2 Kf8 33. Qf4+ Ke8 34. Rh4 $1 e5 35. dxe5 Rf7 36. Qh6 $1 { 36...cb5 37.e6+-} Rg6 37. Qe3 cxb5 38. axb5 {	} Qxb5 39. e6 $1 Rf8 40. Qe5 $1 Qxc5 41. Be3 $18 (41. Be3 Qc6 (41... Qe7 42. Rh7 $1 Qxh7 43. Qb8+ Ke7 44. Qxb7+) (41... Qc8 42. Rh8 $1 Rfg8 (42... Rgg8 43. e7 $1 Rxh8 44. exf8=Q+ Kxf8 45. Qxh8+ $18) (42... Rxe6 43. Rxf8+ Kxf8 44. Qh8+ $18) 43. Qf5 $1 Ke7 (43... Rxh8 44. Qf7+ Kd8 45. e7+) 44. Rh7+ R6g7 (44... Kd6 45. Rd7+ $18) (44... R8g7 45. Qxg6 $18) (44... Kd8 45. e7+ $18) 45. Bg5+ Ke8 (45... Kd6 46. Rxg7 Rxg7 47. Qf4+ Kc6 48. Qc1+ $18) 46. Qf7+ $1 Rxf7 47. exf7+ Kf8 (47... Kd7 48. fxg8=Q+ $18) 48. Be7+ $1 Kxe7 49. fxg8=Q+ $18) 42. Qb8+ Ke7 43. Rh7+ Kxe6 44. Qxf8 d4+ 45. f3 $1 dxe3 (45... Qc2+ 46. Bf2 Rxg3+ 47. hxg3 Qxh7 48. Bxd4 $18) 46. Qe7+ $1 Kd5 47. Qe4+ Kc5 48. Rh5+ Kb6 49. Qxe3+ Kc7 (49... Ka6 50. Qa3+ Kb6 51. Qa5#) 50. Rc5 $18) 1-0

[Event "USA-ch"]
[Site "USA"]
[Date "1988.??.??"]
[Round "?"]
[White "Miles, Anthony John"]
[Black "Dlugy, Maxim"]
[Result "1-0"]
[WhiteElo "2500"]
[BlackElo "2545"]
[PlyCount "81"]
[EventDate "1988.10.??"]
[EventType "tourn"]
[EventRounds "11"]
[EventCountry "USA"]
[EventCategory "12"]
[SourceTitle "CBM 011"]
[Source "ChessBase"]
[SourceDate "1989.08.01"]
[SourceVersion "1"]
[SourceVersionDate "1989.08.01"]
[SourceQuality "1"]

1. Nf3 d5 2. g3 Bg4 3. Bg2 c6 4. b3 e6 5. Bb2 Nf6 6. d3 ({RR} 6. h3 Bh5 7. d3 Nbd7 8. g4 Bg6 9. Nh4 Bb4+ 10. Nd2 O-O 11. a3 Bd6 12. e3 Be5 13. d4 Bd6 14. Nxg6 hxg6 15. g5 Nh5 16. Nf3 Re8 17. h4 e5 18. dxe5 Nxe5 19. O-O Qe7 20. Qd4 Rad8 {Nakamura,H (2787)-Akobian,V (2640) Chess.com INT 2018 1-0 (46)}) ({RR} 6. Ne5 Bh5 7. O-O Nbd7 8. d4 Nxe5 9. dxe5 Nd7 10. Nd2 Bc5 11. Kh1 Bg6 12. e4 h5 13. h3 h4 14. g4 Qc7 15. f4 O-O-O 16. exd5 cxd5 17. c4 d4 18. Nf3 d3 19. Ng5 Be7 20. Ne4 Nc5 {Alonso,R (2130)-Kohler,A (2060) chess.com INT 2025 1-0 (70)}) 6... Be7 7. O-O O-O 8. Nbd2 Bh5 $146 ({RR} 8... a5 9. h3 Bh5 10. e4 h6 11. Qe2 Na6 12. e5 Nd7 13. g4 Bg6 14. Ne1 Nc7 15. f4 f5 16. exf6 Bxf6 17. d4 a4 18. a3 Re8 19. b4 Nb5 20. c3 Nb6 21. Nef3 Nd6 22. Ne5 Bh7 23. Kh2 {Ivanka,M (2250)-Macek,V (2205) Buenos Aires 1978 ½-½ (46)}) ({RR} 8... a5 9. a3 Nbd7 10. e4 dxe4 11. dxe4 e5 12. Qe1 Bxf3 13. Nxf3 Qc7 14. Rd1 Rfe8 15. Qe2 Bf8 16. Ne1 Rad8 17. a4 Nc5 18. Nd3 Nxd3 19. Rxd3 Rxd3 20. Qxd3 Rd8 21. Qe2 Bc5 22. Rd1 Rd6 23. Bf3 {Gerusel,M (2390)-Meister,P (2325) Germany 1987 ½-½}) 9. c4 c5 10. cxd5 Nxd5 11. Rc1 Nd7 12. Ne4 Bg6 13. a3 Rc8 14. Rc2 Qb6 15. Nfd2 Qa6 16. Qa1 f6 17. Rfc1 Rcd8 18. Nc3 Nc7 19. Qb1 Bf7 20. Ba1 e5 21. b4 b6 22. Nc4 Rfe8 23. b5 Qc8 24. a4 Ne6 25. Ra2 Nd4 26. e3 Nf5 27. a5 Qb8 28. axb6 Nxb6 29. Na5 Bxa2 30. Qxa2+ Kh8 31. Nc6 Qc7 32. Nxd8 Rxd8 33. Qe6 Nd6 34. Bb2 c4 35. Ne4 Nxb5 36. dxc4 Na3 37. c5 Nbc4 38. Nd6 Bxd6 39. cxd6 Qxd6 40. Qxd6 Rxd6 41. Bxa3 1-0

[Event "Belgrade GMA op"]
[Site "Belgrade"]
[Date "1988.??.??"]
[Round "?"]
[White "Miles, Anthony John"]
[Black "Sokolov, Ivan"]
[Result "1-0"]
[WhiteElo "2500"]
[BlackElo "2570"]
[Annotator "Ftacnik,Lubomir"]
[PlyCount "79"]
[EventDate "1988.12.??"]
[EventType "swiss"]
[EventRounds "9"]
[EventCountry "YUG"]
[SourceTitle "TD"]
[Source "ChessBase"]
[SourceDate "1994.03.01"]
[SourceVersion "1"]
[SourceVersionDate "1994.03.01"]
[SourceQuality "1"]

1. Nf3 Nf6 2. g3 d5 3. Bg2 g6 4. b3 Bg7 5. Bb2 c5 6. c4 d4 7. b4 Nfd7 8. O-O O-O 9. bxc5 ({RR} 9. a3 e5 10. d3 Nc6 11. Nbd2 a5 12. Ne4 axb4 13. axb4 Rxa1 14. Qxa1 cxb4 15. e3 dxe3 16. fxe3 Qe7 17. Nf2 Rd8 18. d4 exd4 19. exd4 Qe2 20. Rc1 Nb6 21. Re1 Qxc4 22. d5 Bxb2 23. Qxb2 Nxd5 {Zvjaginsev,V (2642)-Inarkiev,E (2693) Moscow 2018 0-1 (50)}) 9... Nxc5 10. d3 Nc6 11. Nbd2 a5 $146 ({RR} 11... Bg4 12. Rb1 Rb8 13. a4 Qc7 14. Ba3 b6 15. Ng5 Na5 16. Nge4 Bd7 17. Nxc5 bxc5 18. Ne4 Nb7 19. Qc2 Qa5 20. Qd2 Qc7 21. a5 Bc6 22. a6 Bxe4 23. Bxe4 Nd6 24. Bg2 Rfc8 25. Rb2 Rxb2 26. Qxb2 {Miles,A-Tal,M Hastings 1974 ½-½ (52)}) ({RR} 11... Rb8 12. Nb3 Na4 13. Bxd4 Nxd4 14. Nfxd4 Nb2 15. Qc2 Bxd4 16. Nxd4 Qxd4 17. Rab1 Nxd3 18. Qxd3 Qc5 19. Rb5 Qc7 20. Rfb1 b6 21. Qe3 Bd7 22. R5b4 Bf5 23. Be4 Bxe4 24. Qxe4 Rbd8 25. a4 Rd6 26. a5 {Amundsen,A (2026)-Doluhanova,E (2263) Kragero NOR 2024 0-1 (68)}) ({RR} 11... Re8 12. a4 e5 13. Nb3 Ne6 14. Ba3 Rb8 15. Nfd2 Bf8 16. Bxf8 Kxf8 17. a5 Nb4 18. Qc1 Kg7 19. Qb2 Nc6 20. a6 Qc7 21. axb7 Bxb7 22. Qa3 Ba8 23. Rfb1 Rb4 24. Bd5 Qe7 25. Na5 Rxb1+ 26. Nxb1 {Keene,R-Reichenbach,W Mannheim 1975 1-0 (37)}) 12. Rb1 (12. Ba3 $5) 12... Re8 13. Ba3 Na6 14. Ne1 $1 Nab4 (14... Qc7 $5) 15. Bxb4 axb4 16. Nc2 Rxa2 $8 17. Bxc6 $1 (17. Nxb4 $2 Nxb4 18. Rxb4 Qa5 $1 $19) 17... bxc6 18. Nxb4 $14 Ra3 (18... Ra8) 19. Nxc6 Qd7 20. Nb4 Ra5 (20... Bb7 21. Ra1 $5) 21. Nd5 $16 Bb7 $8 22. Nb3 Rxd5 $8 23. cxd5 Qxd5 24. f3 h5 25. Qd2 $1 Kh7 26. Qa5 Qe6 27. e4 $1 dxe3 $132 28. Nc5 Qc6 29. Nxb7 e2 30. Rf2 $8 (30. Rfe1 $2 Qxf3 { h6}) 30... Bd4 $2 (30... Bc3 31. Qa2 $1 e1=Q+ 32. Rxe1 Bxe1 33. Qxf7+ Kh6 34. Re2) (30... Rb8 $1 31. Rxe2 (31. Re1 $2 Rxb7) (31. Kg2 Rxb7 32. Rxb7 Bc3 33. Qa2 (33. Qxc3 Qxc3 34. Rxe2 Qxd3 35. Rexe7 Qc2+ $10) 33... e1=N+ $1 (33... e1=Q $2 34. Qxf7+ $18) 34. Kf1 Qxb7 35. Qxf7+ Kh6 $10) 31... Qxf3 32. Re4 $8 Qxd3 33. Qe1 (33. Qb4 $2 Bc3) 33... Bd4+ (33... Bc3 $2 34. Rd1 $1 Qc2 35. Rc1 $18) 34. Kg2 Qc2+ $1 (34... Bc3 $2 35. Rd1 Qc2+ 36. Re2 Qb3 (36... Qa4 37. Qxc3 Qxd1 38. Rxe7 $18) 37. Nc5 $1 $18) 35. Kh3 $1 (35. Kh1 Bf2 $1 36. Rc1 $8 Qd3 $1 (36... Qb2 $5 37. Rb4 Qa3 38. Qc3 Qxc3 39. Rxc3 Be1 40. Rcb3 Bxb4 $10) 37. Qe2 $8 Qd5 38. Kg2 Bd4) (35. Kf1 Qd3+ $1 36. Kg2 Qc2+ $10) 35... Qc8+ $8 (35... Bb2 36. Rb4 $1 Qf5+ 37. Kg2 Rxb7 38. R4xb2 Qd5+ 39. Kg1 $18) (35... Bf2 36. Rc1 Qd3 37. Nc5 Qf3 38. Qe2 Qf5+ 39. Kg2 Bxc5 40. Re5 $18) (35... e5 36. Rc1 $1 Qb3 37. Rxd4 exd4 38. Nc5 $16) 36. g4 Bc3 $1 37. Qe3 (37. Rc1 $2 hxg4+) 37... Rxb7 38. Rxb7 Qxb7 39. gxh5 (39. Rxe7 hxg4+ $10) 39... Bf6 40. hxg6+ fxg6 $10) 31. Qb4 $1 e5 (31... Ba7 32. d4 $18) (31... Qc2 32. Re1 Bc3 33. Qc4 $18) (31... Rc8 32. Qxd4 $18) (31... Be3 32. Kg2 $18) 32. Kg2 Bxf2 33. Kxf2 Rb8 34. Kxe2 (34. Rb2 e1=Q+ 35. Kxe1 Qxf3 36. Qe4 $18) 34... Qc2+ 35. Ke3 Qxh2 36. Qe7 Qxg3 $8 (36... Kg8 37. Qxe5 $18) 37. Qxf7+ Kh6 38. Ke4 $1 h4 (38... Qh4+ 39. Kxe5) (38... Qh2 $5 39. Rb3) 39. Qf6 $1 h3 40. Nd6 $1 1-0

[Event "Mazatlan rapid"]
[Site "Mazatlan"]
[Date "1988.??.??"]
[Round "?"]
[White "Vaganian, Rafael A"]
[Black "Tukmakov, Vladimir B"]
[Result "1-0"]
[WhiteElo "2625"]
[BlackElo "2570"]
[PlyCount "69"]
[EventDate "1988.12.??"]
[EventType "swiss (rapid)"]
[EventRounds "13"]
[EventCountry "MEX"]
[SourceTitle "EXT 1997"]
[Source "ChessBase"]
[SourceDate "1996.11.15"]
[SourceVersion "1"]
[SourceVersionDate "1996.11.15"]
[SourceQuality "1"]

1. Nf3 d5 2. g3 g6 3. c4 dxc4 4. Qa4+ Nc6 5. Qxc4 Bg7 6. d3 ({RR} 6. Bg2 e5 7. O-O Nge7 8. d3 O-O 9. Nc3 h6 10. Qa4 Bd7 11. Qa3 Nf5 12. Bd2 Re8 13. Rac1 b6 14. Rfe1 a5 15. b3 Rc8 16. Qb2 Ncd4 17. Nxd4 exd4 18. Ne4 c5 19. a3 Qe7 20. b4 axb4 {Nakamura,H (2793)-Caruana,F (2787) Saint Louis 2015 ½-½ (152)}) 6... e5 7. Ng5 ({RR} 7. Bg2 Nge7 8. O-O O-O 9. Nc3 Nd4 10. Bg5 c6 11. Nxd4 exd4 12. Ne4 h6 13. Bf6 Bxf6 14. Nxf6+ Kg7 15. Ne4 Be6 16. Qc5 f6 17. b4 b6 18. Qc2 Rc8 19. Rfc1 f5 20. Nd2 Nd5 21. Bxd5 Bxd5 {Lou Yiping (2459)-Ohanyan,E (2514) New York USA 2024 0-1 (67)}) 7... Qe7 $146 ({RR} 7... Nh6 8. Nc3 Nd4 9. Nb5 O-O 10. Nxd4 exd4 11. Bf4 c6 12. Bg2 Nf5 13. O-O h6 14. Ne4 Be6 15. Qb4 b6 16. Qa4 Bd5 17. Rfc1 g5 18. Bd2 Ne7 19. Be1 a5 20. b4 f5 21. Nd2 b5 22. Qc2 {Bauer,C (2647)-Rodshtein,M (2699) Heraklion 2017 0-1 (39)}) ({RR} 7... Nh6 8. h4 Nd4 9. Bg2 Qe7 10. Bd2 Bd7 11. Bxb7 Rb8 12. Qxc7 O-O 13. Na3 Nxe2 14. Bc6 Rbd8 15. Bxd7 Nd4 16. Rc1 Rxd7 17. Qc5 Qf6 18. Nb5 Ng4 19. Ne4 Qf3 20. Nxd4 Rxd4 21. O-O Qxd3 22. f3 {Petr,M (2495)-Pulpan,J (2408) Czech Republic CZE 2023 0-1}) 8. Nc3 Nf6 9. Bg2 Nd4 10. Nb5 O-O 11. Nxd4 exd4 12. Qxd4 Re8 13. Qe3 Qd6 14. Qd2 Bg4 15. Nf3 Qe7 16. Qc2 Rad8 17. Be3 Nd5 18. Bc5 Nb4 19. Bxb4 Qxb4+ 20. Kf1 c5 21. Rb1 c4 22. Qxc4 Qxc4 23. dxc4 Bf5 24. Re1 Bxb2 25. Nh4 Be6 26. Bd5 Bxd5 27. cxd5 Rxd5 28. Rb1 Bf6 29. Rxb7 Rd2 30. Kg2 Rdxe2 31. Rhb1 R8e7 32. Rb8+ Kg7 33. Kf3 Re8 34. Ng2 Rd2 35. Nf4 1-0

[Event "World op 5'"]
[Site "Philadelphia"]
[Date "1989.??.??"]
[Round "?"]
[White "Gurevich, Mikhail"]
[Black "Alburt, Lev O"]
[Result "1-0"]
[WhiteElo "2590"]
[BlackElo "2520"]
[PlyCount "73"]
[EventDate "1989.??.??"]
[EventType "tourn (blitz)"]
[EventRounds "13"]
[EventCountry "USA"]
[SourceTitle "EXT 2000"]
[Source "ChessBase"]
[SourceDate "1999.11.16"]
[SourceVersion "1"]
[SourceVersionDate "1999.11.16"]
[SourceQuality "1"]

1. g3 e5 2. Bg2 d5 3. d3 c5 4. Nf3 Nc6 5. O-O Be7 6. Nc3 ({RR} 6. Na3 Be6 7. e4 d4 8. Nc4 Qc7 9. Ng5 Bxg5 10. Bxg5 f6 11. Bd2 h5 12. f4 h4 13. Qe1 hxg3 14. Qxg3 O-O-O 15. b3 Nh6 16. fxe5 Nxe5 17. Nxe5 fxe5 18. c3 Ng4 19. cxd4 exd4 20. Bf4 Qe7 {Rapport,R (2760)-Carlsen,M (2855) Stavanger 2021 ½-½ (42)}) 6... Be6 ({RR} 6... Nf6 7. Bg5 O-O 8. Nd2 Be6 9. e4 d4 10. Bxf6 Bxf6 11. Nd5 Be7 12. c4 Rb8 13. f4 exf4 14. gxf4 f5 15. Qe2 Qd7 16. Nf3 Rbe8 17. Nxe7+ Nxe7 18. Ne5 Qc8 19. Rae1 g6 20. h4 Kg7 21. Qf3 {Ritviz,P (2371)-Prishita Gupta (2058) Taleigao IND 2025 ½-½ (32)}) 7. e4 d4 8. Nd5 $146 ({RR} 8. Ne2 g5 9. c3 h5 10. a3 h4 11. cxd4 cxd4 12. b4 g4 13. Nd2 Bg5 14. f4 gxf3 15. Nxf3 Be3+ 16. Bxe3 dxe3 17. Qc1 hxg3 18. Qxe3 gxh2+ 19. Kh1 f6 20. d4 Qb6 21. Qc3 Rc8 22. Qb2 Na5 {Fernandez Rodriguez,H-Alvarez Rodriguez,R Gijon 2000 0-1}) ({RR} 8. Ne2 c4 9. Ne1 cxd3 10. Nxd3 Qc7 11. f4 f6 12. Bd2 O-O-O 13. a3 h5 14. h3 g5 15. f5 Bf7 16. Nec1 Kd7 17. Nb4 Bc5 18. Ncd3 Bb6 19. Nxc6 bxc6 20. Qe2 c5 21. b3 Ne7 22. Rfc1 h4 {Gorin,A (2000)-Shinkevich,M (1825) St Petersburg 2014 0-1 (75)}) 8... Nf6 9. Nxe7 Qxe7 10. Ng5 Bg4 11. f3 Bh5 12. Bd2 h6 13. Nh3 g5 14. Nf2 O-O-O 15. Bh3+ Kb8 16. a3 Nd7 17. b4 cxb4 18. axb4 Nxb4 19. Rb1 Nc6 20. Qe2 Nb6 21. Rb5 f6 22. Rfb1 Be8 23. Qe1 Bd7 24. Bf5 Rc8 25. R1b2 Rc7 26. Qa1 Nd8 27. Bb4 Qf7 28. Rxb6 axb6 29. Bd6 Bxf5 30. exf5 Qd5 31. Ne4 Kc8 32. Qa8+ Kd7 33. Nxf6+ Kxd6 34. Nxd5 Kxd5 35. Rxb6 Rf8 36. Qa5+ Rc5 37. Qa2+ 1-0